|
|
|
|
| LEADER |
00000nam a2200000 i 4500 |
| 001 |
1/33809 |
| 008 |
030304s1999 eng d |
| 020 |
|
|
|a 0-471-29224-9
|
| 035 |
|
|
|l 10069579
|
| 040 |
|
|
|a GR-MY-UA
|b gre
|e aacr
|
| 041 |
0 |
|
|a eng
|
| 082 |
0 |
|
|a 760
|2 (21)
|
| 100 |
1 |
|
|a Bowers, John
|d 1959-
|
| 245 |
1 |
0 |
|a Introduction to two-dimensional design :
|b understanding form and function /
|c John Bowers
|
| 260 |
|
|
|a New York ; :
|b Wiley,
|c c1999
|
| 300 |
|
|
|a xiii, 123 p.;
|b ill. (some col.);
|c 26 cm.
|
| 500 |
|
|
|a Published simultaneously in Canada
|
| 504 |
|
|
|a Includes bibliography (p. 109-111) and index
|
| 650 |
0 |
0 |
|a Design.
|
| 852 |
|
|
|a INST
|b SYROS
|e 20030304
|h 760 BOW
|p 005500002379
|q 005500002379
|t BK
|y 0
|
| 901 |
|
|
|a BIBL5-2003-1
|
| 909 |
|
|
|a Ε
|b 104151
|
| 922 |
|
|
|a 5ΕΛΗ
|b 200210
|c ΤΜΣΠΣ
|d ΠΑΠΑΣΩΤΗΡΙΟΥ
|
| 950 |
|
|
|a 183-2002-10-19
|
| 970 |
|
|
|a ΜΑΝΩΛΑΡΑΚΗ
|b ΜΑΡΙΑ
|z 2003/03/13
|